[Event "Leicester H E Atkins Mem"]
[Site "Leicester"]
[Date "2010.10.02"]
[Round "2"]
[White "Mercs, Peter J"]
[Black "McNally, Richard J E"]
[Result "1-0"]
[WhiteElo "2082"]
[BlackElo "1906"]
[PlyCount "53"]
[EventDate "2010.10.01"]
[EventType "swiss"]
[EventRounds "5"]
[EventCountry "ENG"]
[SourceTitle "BritBase"]
[Source "John Saunders"]
[SourceDate "2016.01.15"]
[SourceVersion "1"]
[SourceVersionDate "2016.01.15"]
[SourceQuality "1"]

1. e4 e5 2. Nf3 Nc6 3. d4 exd4 4. Nxd4 Bb4+ 5. c3 Be7 6. Nxc6 bxc6 7. Bd3 d6 8.
O-O Nf6 9. c4 O-O 10. Nc3 Nd7 11. Be3 Ne5 12. Be2 Be6 13. b3 f5 14. f4 Ng4 15.
Bxg4 fxg4 16. f5 Bg5 17. Bf2 h5 18. fxe6 Rxf2 19. Rxf2 Be3 20. Qd3 Qg5 21. Re1
Bxf2+ 22. Kxf2 Rf8+ 23. Kg1 Rf3 24. gxf3 gxf3+ 25. Kf2 Qg2+ 26. Ke3 f2 27. Rf1
1-0

[Event "Leicester H E Atkins Mem"]
[Site "Leicester"]
[Date "2010.10.02"]
[Round "2"]
[White "Murphy, Hugh W"]
[Black "Sanders, Isaac B"]
[Result "1-0"]
[WhiteElo "2194"]
[BlackElo "1989"]
[PlyCount "83"]
[EventDate "2010.10.01"]
[EventType "swiss"]
[EventRounds "5"]
[EventCountry "ENG"]
[SourceTitle "BritBase"]
[Source "John Saunders"]
[SourceDate "2016.01.15"]
[SourceVersion "1"]
[SourceVersionDate "2016.01.15"]
[SourceQuality "1"]

1. e4 c5 2. b3 Nc6 3. Bb2 d6 4. Bb5 Bd7 5. f4 a6 6. Bxc6 Bxc6 7. d3 d5 8. Qe2
e6 9. Nf3 Nf6 10. Nbd2 Be7 11. O-O O-O 12. Ne5 Qc7 13. Rf3 d4 14. Rh3 Nd7 15.
Qh5 h6 16. Nxd7 Bxd7 17. Rf1 Be8 18. f5 exf5 19. exf5 Bg5 20. Ne4 f6 21. Qg4
Bf7 22. Bc1 Qc6 23. Rxh6 gxh6 24. h4 Bd5 25. hxg5 hxg5 26. Nxg5 fxg5 27. Bxg5
Rf7 28. f6 Kh8 29. Rf4 Re8 30. Qg3 Rg8 31. Rh4+ Rh7 32. f7 Bxf7 33. Qe5+ Rgg7
34. Rh6 Qd5 35. Qb8+ Bg8 36. Rxh7+ Kxh7 37. Qh2+ Kg6 38. Qh6+ Kf5 39. Qf6+ Kg4
40. Qf4+ Kh5 41. g4+ Kg6 42. Qf6+ 1-0

[Event "Leicester H E Atkins Mem"]
[Site "Leicester"]
[Date "2010.10.02"]
[Round "2"]
[White "Reynolds, D Ian W"]
[Black "Maciol, Ryszard"]
[Result "0-1"]
[WhiteElo "2051"]
[BlackElo "2205"]
[PlyCount "82"]
[EventDate "2010.10.01"]
[EventType "swiss"]
[EventRounds "5"]
[EventCountry "ENG"]
[SourceTitle "BritBase"]
[Source "John Saunders"]
[SourceDate "2016.01.15"]
[SourceVersion "1"]
[SourceVersionDate "2016.01.15"]
[SourceQuality "1"]

1. e4 e6 2. d4 d5 3. Nd2 Nf6 4. e5 Nfd7 5. Bd3 c5 6. c3 Nc6 7. Ne2 cxd4 8. cxd4
f6 9. exf6 Nxf6 10. Nf3 Bd6 11. O-O Qc7 12. Bg5 O-O 13. Bh4 a6 14. Bg3 Bd7 15.
Rc1 Bxg3 16. hxg3 Qd6 17. Re1 Rae8 18. Nf4 Kh8 19. Bb1 Qb4 20. b3 Qb6 21. Qd2
Re7 22. Rcd1 Rfe8 23. Ne5 Nxe5 24. Rxe5 Kg8 25. f3 Rc8 26. Kh2 Rc6 27. g4 Qc7
28. Kh1 Be8 29. g5 Nh5 30. Nxh5 Bxh5 31. g4 Bg6 32. Bxg6 hxg6 33. Re2 Qg3 34.
Qd3 Rec7 35. Rg2 Qh4+ 36. Rh2 Qxg5 37. Re1 Qf6 38. Qe3 Kf7 39. g5 Qf5 40. Rh4
Rc3 41. Qd2 Rxf3 0-1

[Event "Leicester H E Atkins Mem"]
[Site "Leicester"]
[Date "2010.10.02"]
[Round "2"]
[White "Robinson, John K"]
[Black "Ilett, Raymond J"]
[Result "1-0"]
[WhiteElo "2014"]
[BlackElo "1896"]
[PlyCount "65"]
[EventDate "2010.10.01"]
[EventType "swiss"]
[EventRounds "5"]
[EventCountry "ENG"]
[SourceTitle "BritBase"]
[Source "John Saunders"]
[SourceDate "2016.01.15"]
[SourceVersion "1"]
[SourceVersionDate "2016.01.15"]
[SourceQuality "1"]

1. d4 Nf6 2. c4 e6 3. Nf3 b6 4. g3 Bb7 5. Bg2 Be7 6. Nc3 d5 7. Ne5 Nbd7 8. Qa4
c6 9. cxd5 b5 10. Qb3 exd5 11. Nxd7 Qxd7 12. Bf4 b4 13. Na4 a5 14. Nb6 Qe6 15.
Nxa8 Bxa8 16. O-O O-O 17. Rae1 Ne4 18. f3 Nd6 19. e4 Qd7 20. Bxd6 Bxd6 21. e5
Be7 22. f4 Bb7 23. Rf2 c5 24. Qd3 Rc8 25. f5 c4 26. Qb1 c3 27. e6 Qc7 28. exf7+
Kxf7 29. f6 Bxf6 30. Qxh7 cxb2 31. Bf3 Rg8 32. Bh5+ Kf8 33. Re8# 1-0

[Event "Leicester H E Atkins Mem"]
[Site "Leicester"]
[Date "2010.10.02"]
[Round "2"]
[White "Russell, Harry"]
[Black "Ganger, Rajan"]
[Result "1/2-1/2"]
[WhiteElo "2130"]
[BlackElo "1931"]
[PlyCount "92"]
[EventDate "2010.10.01"]
[EventType "swiss"]
[EventRounds "5"]
[EventCountry "ENG"]
[SourceTitle "BritBase"]
[Source "John Saunders"]
[SourceDate "2016.01.15"]
[SourceVersion "1"]
[SourceVersionDate "2016.01.15"]
[SourceQuality "1"]

1. d4 d5 2. Nf3 Nf6 3. Bf4 e6 4. e3 Bd6 5. Bd3 Bxf4 6. exf4 Qd6 7. Qc1 c5 8.
dxc5 Qxc5 9. O-O O-O 10. Nbd2 b5 11. Nb3 Qb6 12. Nbd4 b4 13. a4 a5 14. Nb5 Nbd7
15. Ne5 Nc5 16. Qe3 Rb8 17. Nd4 Bd7 18. Nxd7 Nfxd7 19. Bb5 Rbc8 20. Rfe1 Nf6
21. f3 Nb7 22. b3 Rc3 23. Qf2 Nd6 24. Bd3 g6 25. g4 Nd7 26. Re2 Qd8 27. Rd2 Qf6
28. Rad1 Qxf4 29. Ne2 Qf6 30. Nxc3 bxc3 31. Re2 Ne5 32. Kg2 Nc6 33. f4 Qd4 34.
Qxd4 Nxd4 35. Rf2 Nc6 36. Re1 Rb8 37. Kg3 Rb4 38. h4 Rd4 39. Re3 Nb4 40. Kf3
Kg7 41. Rg2 Kf6 42. h5 Nb7 43. g5+ Kg7 44. h6+ Kf8 45. Bb5 Na2 46. Rd3 Re4
1/2-1/2

[Event "Leicester H E Atkins Mem"]
[Site "Leicester"]
[Date "2010.10.02"]
[Round "2"]
[White "Vikas R Sharma"]
[Black "Shamash, Michelle"]
[Result "1-0"]
[WhiteElo "2075"]
[BlackElo "1740"]
[PlyCount "43"]
[EventDate "2010.10.01"]
[EventType "swiss"]
[EventRounds "5"]
[EventCountry "ENG"]
[SourceTitle "BritBase"]
[Source "John Saunders"]
[SourceDate "2016.01.15"]
[SourceVersion "1"]
[SourceVersionDate "2016.01.15"]
[SourceQuality "1"]

1. e4 c6 2. d4 d5 3. Nc3 dxe4 4. Nxe4 Bf5 5. Ng3 Bg6 6. Nf3 Nd7 7. h4 h6 8. h5
Bh7 9. Bd3 Bxd3 10. Qxd3 e6 11. Bd2 Ngf6 12. O-O-O Bd6 13. Ne4 Nxe4 14. Qxe4
Nf6 15. Qe2 O-O 16. Ne5 Qc7 17. g4 c5 18. g5 cxd4 19. gxf6 Bxe5 20. fxg7 Bxg7
21. Rhg1 Rac8 22. Bxh6 1-0

[Event "Leicester H E Atkins Mem"]
[Site "Leicester"]
[Date "2010.10.02"]
[Round "2"]
[White "Webster, Richard J"]
[Black "Burrows, Martin P"]
[Result "0-1"]
[WhiteElo "1956"]
[BlackElo "2172"]
[PlyCount "80"]
[EventDate "2010.10.01"]
[EventType "swiss"]
[EventRounds "5"]
[EventCountry "ENG"]
[SourceTitle "BritBase"]
[Source "John Saunders"]
[SourceDate "2016.01.15"]
[SourceVersion "1"]
[SourceVersionDate "2016.01.15"]
[SourceQuality "1"]

1. c4 Nf6 2. g3 e6 3. Bg2 d5 4. Nf3 dxc4 5. O-O Nbd7 6. Qa4 c5 7. Rd1 a6 8.
Qxc4 b5 9. Qc2 Bb7 10. d3 Be7 11. Nbd2 O-O 12. b3 Nd5 13. Bb2 Bf6 14. Ne4 Bxb2
15. Qxb2 Qe7 16. Rac1 e5 17. a3 Rac8 18. Rc2 f5 19. Nc3 N5b6 20. a4 Bc6 21.
axb5 axb5 22. Ra1 e4 23. Ne1 b4 24. Nd1 Ra8 25. Ne3 f4 26. Nf1 Rxa1 27. Qxa1
Qf7 28. gxf4 Qxb3 29. Nd2 Qf7 30. Nxe4 b3 31. Rc1 Qxf4 32. e3 Qf7 33. f4 Na4
34. Rc4 Ndb6 35. Ng5 Qd7 36. Bh3 Qb7 37. Ne6 Nxc4 38. Nxf8 Kxf8 39. dxc4 b2 40.
Qb1 Be4 0-1

[Event "Leicester H E Atkins Mem"]
[Site "Leicester"]
[Date "2010.10.02"]
[Round "2"]
[White "Xaxiris, E."]
[Black "Ropp, Wiatt"]
[Result "1/2-1/2"]
[WhiteElo "2090"]
[BlackElo "1930"]
[PlyCount "115"]
[EventDate "2010.10.01"]
[EventType "swiss"]
[EventRounds "5"]
[EventCountry "ENG"]
[SourceTitle "BritBase"]
[Source "John Saunders"]
[SourceDate "2016.01.15"]
[SourceVersion "1"]
[SourceVersionDate "2016.01.15"]
[SourceQuality "1"]

1. d4 g6 2. c4 Bg7 3. Nc3 d6 4. e4 a6 5. f3 Nd7 6. Be3 c6 7. a4 b6 8. Bd3 c5 9.
Nge2 e6 10. O-O Ne7 11. d5 e5 12. g4 a5 13. Ng3 Nf6 14. g5 Nh5 15. Nxh5 gxh5
16. Rf2 Ng6 17. h4 h6 18. Rh2 Nf4 19. Bxf4 exf4 20. gxh6 Be5 21. Bf1 Rxh6 22.
Bh3 Rg6+ 23. Kh1 Bxh3 24. Rxh3 Qd7 25. Rh2 O-O-O 26. Ne2 Rg3 27. Qb3 Kb7 28.
Rf1 Rdg8 29. Qb5 Qxb5 30. cxb5 R3g7 31. b3 f6 32. Rd1 Rg6 33. Rf2 R6g7 34. Kh2
Rg6 35. Kh1 R6g7 36. Kh2 Rg6 37. Rg1 Rxg1 38. Nxg1 Kc7 39. Ne2 Rg7 40. Kh3 Rg8
41. Rh2 Rg7 42. Rg2 Rxg2 43. Kxg2 Kd7 44. Nc1 Kc7 45. Nd3 Kd7 46. Kf2 Kc7 47.
Ke2 Kd7 48. Ne1 Kc7 49. Kd3 Kd7 50. Nc2 Kc7 51. Na3 Kb7 52. Nc4 Kc7 53. Nd2 Kd7
54. Ke2 Kc7 55. Nf1 Kd7 56. Nh2 Ke7 57. Kd3 Kd7 58. Nf1 1/2-1/2

[Event "Leicester H E Atkins Mem"]
[Site "Leicester"]
[Date "2010.10.02"]
[Round "3"]
[White "Atako, Chino"]
[Black "Ilett, Raymond J"]
[Result "1-0"]
[WhiteElo "2041"]
[BlackElo "1896"]
[PlyCount "103"]
[EventDate "2010.10.01"]
[EventType "swiss"]
[EventRounds "5"]
[EventCountry "ENG"]
[SourceTitle "BritBase"]
[Source "John Saunders"]
[SourceDate "2016.01.15"]
[SourceVersion "1"]
[SourceVersionDate "2016.01.15"]
[SourceQuality "1"]

1. g3 d5 2. Bg2 Nf6 3. d4 c6 4. Nf3 Bf5 5. O-O e6 6. Nbd2 Nbd7 7. c4 Bd6 8. Qb3
Qc7 9. Re1 O-O 10. Nh4 Bg6 11. Nxg6 hxg6 12. e4 dxe4 13. Nxe4 Nxe4 14. Bxe4 Nf6
15. Bg2 Rfe8 16. Bg5 Qb6 17. Qc2 Be7 18. Rad1 Red8 19. c5 Qc7 20. Qc4 Nd5 21.
Bxe7 Qxe7 22. b4 a6 23. a4 Qd7 24. Rb1 Rac8 25. Red1 Ra8 26. b5 axb5 27. axb5
Ra5 28. bxc6 bxc6 29. Rd3 Rda8 30. Rdb3 Ra4 31. Qd3 Qe7 32. Qf1 Qg5 33. Rb8+
Rxb8 34. Rxb8+ Kh7 35. Bxd5 exd5 36. Qh3+ Qh5 37. Qc8 g5 38. Qf5+ Qg6 39. Qh3+
Qh6 40. Qc8 Qf6 41. Qg4 Rxd4 42. Qh5+ Qh6 43. Qxf7 Qf6 44. Qg8+ Kg6 45. Rf8 Qe7
46. Re8 Qc7 47. Re6+ Kf5 48. Rd6 Qe7 49. Qh7+ Kg4 50. h3+ Kf3 51. Qh5+ Ke4 52.
Qe2+ 1-0

[Event "Leicester H E Atkins Mem"]
[Site "Leicester"]
[Date "2010.10.02"]
[Round "3"]
[White "Baruch, Andrew J D"]
[Black "Soszynski, Marek"]
[Result "1-0"]
[WhiteElo "2113"]
[BlackElo "1986"]
[PlyCount "85"]
[EventDate "2010.10.01"]
[EventType "swiss"]
[EventRounds "5"]
[EventCountry "ENG"]
[SourceTitle "BritBase"]
[Source "John Saunders"]
[SourceDate "2016.01.15"]
[SourceVersion "1"]
[SourceVersionDate "2016.01.15"]
[SourceQuality "1"]

1. g3 d5 2. Bg2 g6 3. c4 Nf6 4. cxd5 Nxd5 5. Nc3 Nb6 6. Nf3 Bg7 7. O-O Na6 8.
a3 O-O 9. d3 Nd7 10. Qc2 c6 11. b4 Nc7 12. Rb1 b6 13. Be3 Rb8 14. Nd4 Bxd4 15.
Bxd4 Ne6 16. Be3 c5 17. bxc5 Ndxc5 18. Ne4 Nxe4 19. dxe4 Ba6 20. Rfd1 Qc8 21.
Qb2 Rd8 22. Bh3 Qc4 23. Qe5 Qc7 24. Qxc7 Nxc7 25. Bf4 Nb5 26. Bxb8 Rxb8 27.
Rbc1 Nd6 28. e5 Ne4 29. Rc7 Ng5 30. Bf1 Bb5 31. Rxa7 Rc8 32. Rb1 Rc5 33. f3 Ne6
34. a4 Bc6 35. Rxb6 Rc1 36. Kf2 Bd5 37. Rb2 Nc5 38. a5 Nb3 39. e4 Be6 40. a6
Nc5 41. Rxe7 Kf8 42. a7 Ra1 43. Rc7 1-0

[Event "Leicester H E Atkins Mem"]
[Site "Leicester"]
[Date "2010.10.02"]
[Round "3"]
[White "Burke, Steven J"]
[Black "Russell, Harry"]
[Result "1/2-1/2"]
[WhiteElo "1970"]
[BlackElo "2130"]
[PlyCount "39"]
[EventDate "2010.10.01"]
[EventType "swiss"]
[EventRounds "5"]
[EventCountry "ENG"]
[SourceTitle "BritBase"]
[Source "John Saunders"]
[SourceDate "2016.01.15"]
[SourceVersion "1"]
[SourceVersionDate "2016.01.15"]
[SourceQuality "1"]

1. f4 Nf6 2. Nf3 d5 3. g3 g6 4. Bg2 Bg7 5. d3 O-O 6. O-O c6 7. c3 Nbd7 8. Qe1
a5 9. h3 Qc7 10. g4 e5 11. f5 h6 12. fxg6 fxg6 13. Nh4 Kh7 14. Qg3 Ng8 15. Rxf8
Nxf8 16. e4 Be6 17. Nd2 Qe7 18. Nhf3 Nd7 19. b3 a4 20. b4 1/2-1/2

[Event "Leicester H E Atkins Mem"]
[Site "Leicester"]
[Date "2010.10.02"]
[Round "3"]
[White "Burrows, Martin P"]
[Black "Ali, Golam S"]
[Result "1-0"]
[WhiteElo "2172"]
[BlackElo "1827"]
[PlyCount "87"]
[EventDate "2010.10.01"]
[EventType "swiss"]
[EventRounds "5"]
[EventCountry "ENG"]
[SourceTitle "BritBase"]
[Source "John Saunders"]
[SourceDate "2016.01.15"]
[SourceVersion "1"]
[SourceVersionDate "2016.01.15"]
[SourceQuality "1"]

1. e4 c5 2. Nf3 d6 3. d4 cxd4 4. Nxd4 Nf6 5. Nc3 a6 6. Bc4 e6 7. O-O b5 8. Bb3
b4 9. Na4 Qc7 10. c3 Bd7 11. cxb4 Nc6 12. Nxc6 Bxc6 13. f3 Qa7+ 14. Kh1 d5 15.
exd5 Nxd5 16. Re1 Rd8 17. Bg5 Be7 18. Qc1 Ba8 19. Bxe7 Qxe7 20. a3 O-O 21. Nc3
Qf6 22. Ne4 Qd4 23. Rd1 Qe5 24. Qd2 h5 25. Qd4 Qf4 26. Nc5 Qg5 27. Bxd5 Bxd5
28. Qf2 h4 29. h3 e5 30. Rd2 Bc6 31. Rad1 Rxd2 32. Qxd2 Qg3 33. Qe1 Qg5 34.
Nxa6 e4 35. fxe4 f5 36. Nc5 Re8 37. Rd6 Rxe4 38. Nxe4 Bxe4 39. Rd2 Qf4 40. Qf2
Qg5 41. a4 f4 42. Qd4 Qf5 43. Qd8+ Kf7 44. Qd7+ 1-0

[Event "Leicester H E Atkins Mem"]
[Site "Leicester"]
[Date "2010.10.02"]
[Round "3"]
[White "Cole, Tristram"]
[Black "Messam-Sparks, Lateefah"]
[Result "0-1"]
[WhiteElo "1882"]
[BlackElo "1928"]
[PlyCount "52"]
[EventDate "2010.10.01"]
[EventType "swiss"]
[EventRounds "5"]
[EventCountry "ENG"]
[SourceTitle "BritBase"]
[Source "John Saunders"]
[SourceDate "2016.01.15"]
[SourceVersion "1"]
[SourceVersionDate "2016.01.15"]
[SourceQuality "1"]

1. e4 c5 2. Nf3 d6 3. d4 cxd4 4. Nxd4 Nf6 5. Nc3 e6 6. f4 Nc6 7. Be3 Be7 8. Be2
O-O 9. Qd2 e5 10. Nf5 Bxf5 11. exf5 exf4 12. Bxf4 Ne5 13. O-O-O a6 14. h3 b5
15. g4 b4 16. Nd5 Nxd5 17. Qxd5 Qc7 18. Rh2 Rfc8 19. Bf1 a5 20. Re1 a4 21. g5
Ra5 22. Qg2 b3 23. a3 Rc5 24. c3 Rxc3+ 25. bxc3 Qxc3+ 26. Kb1 Qxe1+ 0-1

[Event "Leicester H E Atkins Mem"]
[Site "Leicester"]
[Date "2010.10.02"]
[Round "3"]
[White "Ganger, Rajan"]
[Black "Denton, John"]
[Result "1-0"]
[WhiteElo "1931"]
[BlackElo "2066"]
[PlyCount "123"]
[EventDate "2010.10.01"]
[EventType "swiss"]
[EventRounds "5"]
[EventCountry "ENG"]
[SourceTitle "BritBase"]
[Source "John Saunders"]
[SourceDate "2016.01.15"]
[SourceVersion "1"]
[SourceVersionDate "2016.01.15"]
[SourceQuality "1"]

1. e4 c6 2. d4 d5 3. Nc3 dxe4 4. Nxe4 Bf5 5. Ng3 Bg6 6. h4 h6 7. Bc4 e6 8. N1e2
Bd6 9. Nf4 Bxf4 10. Bxf4 Nf6 11. h5 Bh7 12. O-O Nbd7 13. Bb3 O-O 14. c4 Nb6 15.
Re1 Qd7 16. Qd2 Rfd8 17. Rad1 a5 18. a3 Nc8 19. Qe2 Ne7 20. Be5 Ne8 21. Qg4 a4
22. Ba2 Ra5 23. Nf1 Bf5 24. Qg3 b5 25. Ne3 bxc4 26. Nxc4 Rd5 27. Nb6 Qb7 28.
Nxd5 Nxd5 29. Bxd5 Rxd5 30. Qc3 Qd7 31. b4 axb3 32. Qxb3 f6 33. Bg3 Rxd4 34.
Rxd4 Qxd4 35. Qd1 c5 36. Qf3 Kh7 37. Qc6 Qd2 38. f3 Qd8 39. Qxc5 e5 40. Rc1 Qd2
41. Bf2 Nd6 42. Be3 Qd3 43. Qc3 Qa6 44. Ra1 Qe2 45. Qd2 Qa6 46. Bc5 Nc4 47. Qe2
Qb5 48. Bf2 Qb3 49. a4 Qc3 50. Qe1 Qxe1+ 51. Rxe1 Bd7 52. Rc1 Na5 53. Rc7 Be8
54. Bb6 Nb3 55. a5 Bb5 56. Bf2 Nd2 57. Rb7 Bc4 58. Rb2 Nb3 59. a6 Nd4 60. Bxd4
exd4 61. a7 Bd5 62. Rd2 1-0

[Event "Leicester H E Atkins Mem"]
[Site "Leicester"]
[Date "2010.10.02"]
[Round "3"]
[White "Kingston, Ian S"]
[Black "Bowmer, Kevin"]
[Result "1/2-1/2"]
[WhiteElo "1992"]
[BlackElo "2122"]
[PlyCount "58"]
[EventDate "2010.10.01"]
[EventType "swiss"]
[EventRounds "5"]
[EventCountry "ENG"]
[SourceTitle "BritBase"]
[Source "John Saunders"]
[SourceDate "2016.01.15"]
[SourceVersion "1"]
[SourceVersionDate "2016.01.15"]
[SourceQuality "1"]

1. e4 c5 2. Nf3 d6 3. Bb5+ Bd7 4. Bxd7+ Qxd7 5. O-O Nf6 6. Qe2 e6 7. Rd1 Be7 8.
d4 cxd4 9. Nxd4 Nc6 10. c4 O-O 11. Nc3 Rfc8 12. b3 a6 13. Bb2 Qc7 14. Rac1 Qa5
15. h3 h6 16. Nf3 Bf8 17. a3 Rd8 18. b4 Qc7 19. Nd5 exd5 20. cxd5 Nd7 21. dxc6
bxc6 22. Nd4 c5 23. Nf5 g6 24. Nh4 Qb7 25. Nxg6 fxg6 26. Qc4+ d5 27. exd5 Nb6
28. Qe4 Qf7 29. d6 c4 1/2-1/2

[Event "Leicester H E Atkins Mem"]
[Site "Leicester"]
[Date "2010.10.02"]
[Round "3"]
[White "Maciol, Ryszard"]
[Black "Hebden, Mark L"]
[Result "0-1"]
[WhiteElo "2205"]
[BlackElo "2556"]
[PlyCount "138"]
[EventDate "2010.10.01"]
[EventType "swiss"]
[EventRounds "5"]
[EventCountry "ENG"]
[SourceTitle "BritBase"]
[Source "John Saunders"]
[SourceDate "2016.01.15"]
[SourceVersion "1"]
[SourceVersionDate "2016.01.15"]
[SourceQuality "1"]

1. d4 Nf6 2. c4 g6 3. Nc3 Bg7 4. e4 d6 5. f3 O-O 6. Bg5 a6 7. Qd2 c5 8. d5 b5
9. cxb5 Qa5 10. a4 Nbd7 11. Nh3 Ne5 12. Nf2 axb5 13. Bxb5 Ba6 14. O-O Rfb8 15.
Rfb1 Ne8 16. Qe2 Bxb5 17. Nxb5 Qd8 18. Bd2 Nc7 19. Nxc7 Qxc7 20. Bc3 Rb3 21.
Rc1 Qb7 22. Ra2 Qa6 23. Qxa6 Rxa6 24. Kf1 Nd7 25. Bxg7 Kxg7 26. Nd1 f5 27. Nc3
fxe4 28. Re1 Nf6 29. fxe4 Ng4 30. h3 Ne5 31. Re2 Nd3 32. Rd2 Ne5 33. Ke1 Nc4
34. Re2 Ra7 35. Rc2 Ra5 36. Re2 Rb4 37. Kd1 Nb6 38. e5 Rd4+ 39. Kc2 Nxd5 40.
Nxd5 Rxd5 41. exd6 exd6 42. Re7+ Kh6 43. Rd7 Rd4 44. Kc3 Ra6 45. b3 Rb4 46. a5
Kg5 47. Rxh7 d5 48. Rd7 d4+ 49. Kc2 Kf4 50. Rd5 Ke4 51. Rxc5 Rf6 52. Kd1 Rxb3
53. Re2+ Re3 54. Rc8 Re6 55. Kd2 Rxe2+ 56. Kxe2 Kd5+ 57. Kd3 Re3+ 58. Kd2 Ra3
59. Rd8+ Ke4 60. Re8+ Kf5 61. g4+ Kg5 62. Rd8 Rxa5 63. Rxd4 Kh4 64. Rd3 Ra2+
65. Ke3 Kxh3 66. Kf4+ Kh4 67. g5 Rg2 68. Rd8 Rf2+ 69. Ke3 Rf5 0-1

[Event "Leicester H E Atkins Mem"]
[Site "Leicester"]
[Date "2010.10.02"]
[Round "3"]
[White "Mangione, Claudio"]
[Black "Smith, Richard"]
[Result "1-0"]
[WhiteElo "2087"]
[BlackElo "1986"]
[PlyCount "63"]
[EventDate "2010.10.01"]
[EventType "swiss"]
[EventRounds "5"]
[EventCountry "ENG"]
[SourceTitle "BritBase"]
[Source "John Saunders"]
[SourceDate "2016.01.15"]
[SourceVersion "1"]
[SourceVersionDate "2016.01.15"]
[SourceQuality "1"]

1. Nf3 c6 2. c4 d5 3. e3 Nf6 4. Nc3 g6 5. d4 Bg7 6. Be2 O-O 7. O-O Nbd7 8. b3
b6 9. Bb2 Bb7 10. Rc1 c5 11. Ne5 cxd4 12. exd4 dxc4 13. Bxc4 Rc8 14. Qe2 Nxe5
15. dxe5 Nh5 16. Rfd1 Qc7 17. Nd5 Bxd5 18. Bxd5 Qb8 19. g3 Bh6 20. Rxc8 Qxc8
21. e6 f5 22. Bc4 Rd8 23. Rd7 Kf8 24. Qd3 Re8 25. Rxa7 Bg7 26. Bxg7+ Nxg7 27.
Qd7 Qc5 28. Qd5 Qb4 29. Bb5 Rc8 30. Ra8 Qe1+ 31. Kg2 Qc1 32. Bd7 1-0

[Event "Leicester H E Atkins Mem"]
[Site "Leicester"]
[Date "2010.10.02"]
[Round "3"]
[White "McNally, Richard J E"]
[Black "Xaxiris, E."]
[Result "1/2-1/2"]
[WhiteElo "1906"]
[BlackElo "2090"]
[PlyCount "107"]
[EventDate "2010.10.01"]
[EventType "swiss"]
[EventRounds "5"]
[EventCountry "ENG"]
[SourceTitle "BritBase"]
[Source "John Saunders"]
[SourceDate "2016.01.15"]
[SourceVersion "1"]
[SourceVersionDate "2016.01.15"]
[SourceQuality "1"]

1. e4 c5 2. d4 cxd4 3. c3 dxc3 4. Nxc3 Nc6 5. Nf3 d6 6. Bc4 e6 7. O-O Be7 8.
Qe2 a6 9. Rd1 Qc7 10. Bf4 Nf6 11. Rac1 O-O 12. Bd3 Qb8 13. e5 Nh5 14. Bxh7+ Kh8
15. Bg5 g6 16. Bxe7 Nxe7 17. exd6 Nd5 18. Nxd5 exd5 19. Bxg6 fxg6 20. Qe7 Be6
21. Qxe6 Rf6 22. Qxd5 Qf8 23. d7 Rd8 24. Rc8 Rxc8 25. dxc8=Q Qxc8 26. Qd8+ Rf8
27. Qxc8 Rxc8 28. g3 Nf6 29. Rd2 Kg7 30. Ng5 b5 31. h4 a5 32. Re2 b4 33. Re5
Rc2 34. Rxa5 Rxb2 35. Rb5 Ng4 36. Ne4 Rb1+ 37. Kg2 Rb2 38. Kf3 Nh6 39. Rb7+ Kf8
40. g4 Nf7 41. Kf4 Kg8 42. g5 Rxa2 43. Rxb4 Ra5 44. Rb8+ Kg7 45. Rb7 Kf8 46.
Kg3 Ne5 47. Rb3 Ra4 48. Re3 Nc6 49. f3 Nd4 50. Kg2 Nf5 51. Re1 Ra3 52. Nd2 Ne3+
53. Kg3 Nf5+ 54. Kg2 1/2-1/2

[Event "Leicester H E Atkins Mem"]
[Site "Leicester"]
[Date "2010.10.02"]
[Round "3"]
[White "Ropp, Wiatt"]
[Black "Reynolds, D Ian W"]
[Result "0-1"]
[WhiteElo "1930"]
[BlackElo "2051"]
[PlyCount "62"]
[EventDate "2010.10.01"]
[EventType "swiss"]
[EventRounds "5"]
[EventCountry "ENG"]
[SourceTitle "BritBase"]
[Source "John Saunders"]
[SourceDate "2016.01.15"]
[SourceVersion "1"]
[SourceVersionDate "2016.01.15"]
[SourceQuality "1"]

1. c4 e5 2. g3 g6 3. Bg2 Bg7 4. Nc3 c6 5. e3 d6 6. Nge2 Be6 7. b3 Ne7 8. O-O
O-O 9. Rb1 d5 10. cxd5 cxd5 11. d4 Nbc6 12. dxe5 Bxe5 13. Nd4 Nxd4 14. exd4 Bf6
15. Be3 Qa5 16. Qf3 Bg7 17. Ne2 Bf5 18. Rb2 Be4 19. Qf4 Bxg2 20. Kxg2 Rac8 21.
h4 Nf5 22. Rh1 Rfe8 23. g4 Bh6 24. g5 Bg7 25. h5 Qa3 26. hxg6 hxg6 27. Rd2 Re4
28. Qh2 Rh4 29. Qg1 Rg4+ 30. Ng3 Qe7 31. Qd1 Rxg3+ 0-1

[Event "Leicester H E Atkins Mem"]
[Site "Leicester"]
[Date "2010.10.02"]
[Round "3"]
[White "Sanders, Isaac B"]
[Black "Alderson, John K A"]
[Result "1-0"]
[WhiteElo "1989"]
[BlackElo "1882"]
[PlyCount "55"]
[EventDate "2010.10.01"]
[EventType "swiss"]
[EventRounds "5"]
[EventCountry "ENG"]
[SourceTitle "BritBase"]
[Source "John Saunders"]
[SourceDate "2016.01.15"]
[SourceVersion "1"]
[SourceVersionDate "2016.01.15"]
[SourceQuality "1"]

1. d4 f5 2. c4 Nf6 3. Nc3 e6 4. g3 Be7 5. Bg2 O-O 6. Nf3 Ne4 7. Qd3 Nxc3 8.
Qxc3 d6 9. h4 Bf6 10. Bg5 Nd7 11. O-O-O h6 12. Bxf6 Qxf6 13. h5 c6 14. e3 e5
15. Nh4 Re8 16. Bh3 Nf8 17. Qc2 f4 18. dxe5 dxe5 19. Bxc8 Raxc8 20. gxf4 exf4
21. Nf5 fxe3 22. fxe3 Re5 23. e4 Rce8 24. Rhg1 g5 25. hxg6 Rxe4 26. Rdf1 Qe6
27. Nxh6+ Kg7 28. Rf7+ 1-0

[Event "Leicester H E Atkins Mem"]
[Site "Leicester"]
[Date "2010.10.02"]
[Round "3"]
[White "Shamash, Michelle"]
[Black "David, Ivan"]
[Result "1-0"]
[WhiteElo "1740"]
[BlackElo "1970"]
[PlyCount "33"]
[EventDate "2010.10.01"]
[EventType "swiss"]
[EventRounds "5"]
[EventCountry "ENG"]
[SourceTitle "BritBase"]
[Source "John Saunders"]
[SourceDate "2016.01.15"]
[SourceVersion "1"]
[SourceVersionDate "2016.01.15"]
[SourceQuality "1"]

1. d4 Nf6 2. c4 c5 3. e3 cxd4 4. exd4 g6 5. Nc3 d5 6. Nf3 Bg7 7. Bg5 dxc4 8.
Bxc4 O-O 9. O-O Nc6 10. d5 Na5 11. Be2 b6 12. b4 Nb7 13. Rc1 Nd6 14. Ne5 h6 15.
Nc6 Qd7 16. Bf4 a6 17. Na4 1-0